000 00389nam a2200157Ia 4500
008 100122s9999 xx 000 0 und d
082 _b20998
_a823
100 _aBENJAMIN P
245 _a"QUICK, BEFORE IT MELTS"
250 _a0
260 _bVICTOR GOLLANCZ LTD
_c1964
300 _a247
630 _a"QUICK, BEFORE IT MELTS"
730 _a"QUICK, BEFORE IT MELTS"
942 _cBOOK
999 _c366635
_d366632